Rhymes With Sun Quiz Stats

 Plays Quiz Updated Jul 29, 2015

Also try: Rhymes With Oak
Challenge
Share
Tweet
Embed
Score 0/19 Timer 04:00
6 Plays Today
% Correct
fun
98.6%
bun
98.1%
gun
96.7%
run
95.9%
pun
95.6%
ton
87.3%
nun
85.8%
won
83.3%
done
78.4%
dun
77.3%
% Correct
stun
76.3%
tun
70.8%
shun
68.7%
spun
64.9%
son
54.9%
none
54.6%
hon
49.9%
one
48.7%
tonne
34.6%

You're not logged in!

Compare scores with friends on all Sporcle quizzes.
Join for Free
OR
Log In

You Might Also Like...

Show Comments

Extras

Top Quizzes Today


Score Distribution

Your Account Isn't Verified!

In order to create a playlist on Sporcle, you need to verify the email address you used during registration. Go to your Sporcle Settings to finish the process.

Report this User

Report this user for behavior that violates our Community Guidelines.

Details: